| 000 | 00406nam a22001337a 4500 | ||
|---|---|---|---|
| 082 |
_a388.4 _bCHA _cD |
||
| 100 |
_aUS Department of transportation, _913255 |
||
| 245 | _aCharacteristics of urban transportation systems | ||
| 260 |
_aWashington DC: _bTechnology sharing program; _cc1985 |
||
| 300 |
_aix, 189p,: _c28 cm |
||
| 526 |
_a0 _b0 _c0 _d388_400000000000000_CHA |
||
| 650 |
_aMCE _9379 |
||
| 942 |
_2ddc _cBK |
||
| 999 |
_c543369 _d543369 |
||